Student's perceptions of school safety : a study of two high-risk schools in the Sentul zone /
Saved in:
| 主要作者: | |
|---|---|
| 格式: | Thesis |
| 语言: | English |
| 出版: |
Gombak, Selangor :
International Islamic University Malaysia,
2000.
|
| 主题: | |
| 在线阅读: | Click here to view 1st 24 pages of the thesis. Members can view fulltext at the specified PCs in the library. |
| 标签: |
添加标签
没有标签, 成为第一个标记此记录!
|
| LEADER | 020500000a22003970004500 | ||
|---|---|---|---|
| 001 | 269187 | ||
| 005 | 20081218163600.0 | ||
| 008 | 030916s2000 my g 000 0 eng d | ||
| 035 | |a (Sirsi) 269187 | ||
| 040 | |a UIAM |b eng | ||
| 041 | 0 | |a eng | |
| 043 | |a a-my--- | ||
| 049 | |b m | ||
| 050 | |a LB3013.3 | ||
| 100 | 0 | |a Siti Anidah binti Mahadi | |
| 245 | 1 | 0 | |a Student's perceptions of school safety : |b a study of two high-risk schools in the Sentul zone / |c by Siti Anidah bt Mahadi |
| 260 | |a Gombak, Selangor : |b International Islamic University Malaysia, |c 2000. | ||
| 300 | |a 81 leaves ; |c 30 cm. | ||
| 500 | |a "A project paper submitted in partial fulfillment of the requirement for the degree of Master of Management."--On t.p. | ||
| 502 | |a Thesis (M.O.M)--International Islamic University Malaysia, 2000. | ||
| 504 | |a Includes biblioghraphical references (leaves 69-73). | ||
| 596 | |a 1 | ||
| 650 | 0 | |a School violence |v Case studies |z Malaysia Kuala Lumpur | |
| 650 | 0 | |a Gangs |v Case studies |z Malaysia Kuala Lumpur | |
| 650 | 0 | |a Students |v Case studies |x Crimes against |z Malaysia Kuala Lumpur | |
| 650 | 0 | |a Juvenile delinquents |v Case studies |z Malaysia Kuala Lumpur | |
| 650 | 0 | |a High school students |v Case studies |z Malaysia Kuala Lumpur | |
| 650 | 0 | |a Education, Secondary |v Case studies |z Malaysia Kuala Lumpur | |
| 655 | 0 | 7 | |a Theses, IIUM local |
| 690 | 0 | |a Dissertations, Academic |x Management Centre |z IIUM | |
| 710 | 2 | |a International Islamic University Malaysia. |b Management Centre | |
| 856 | 4 | |u http://studentrepo.iium.edu.my/handle/123456789/3452 |z Click here to view 1st 24 pages of the thesis. Members can view fulltext at the specified PCs in the library. | |
| 900 | |a bib-hj-rose-naw | ||
| 999 | |c 432288 |d 463249 | ||
| 952 | |0 0 |6 T LB 003013.3 S623S 2000 |7 0 |8 THESES |9 755977 |a IIUM |b IIUM |c MULTIMEDIA |g 0.00 |o t LB3013.3S623S 2000 |p 00000853202 |r 2017-10-19 |t 1 |v 0.00 |y THESIS | ||
| 952 | |0 0 |6 TS CDF LB3013.3S623S 2000 |7 0 |8 THESES |9 812300 |a IIUM |b IIUM |c MULTIMEDIA |g 0.00 |o ts cdf LB3013.3S623S 2000 |p 11100326285 |r 2017-10-27 |t 1 |v 0.00 |y THESISDIG | ||
